| 000 | 00522nam a2200169 4500 | ||
|---|---|---|---|
| 001 | 112893 | ||
| 003 | ES-MaACL | ||
| 005 | 20230906185706.0 | ||
| 007 | t| | ||
| 008 | 061121s1957 sp r ||||1| spa d | ||
| 080 | _aC-13775 | ||
| 245 | 0 | 0 |
_aNueva legislación de accidentes del trabajo concordada y al día / _cAmado Fernández Heras. |
| 260 |
_aZaragoza : _b[s. n.], _c1957 ( _fGráf. La Editorial) |
||
| 300 |
_a155 p. ; _c16 cm. |
||
| 700 | 1 |
_aFernández Heras, Amado. _949843 |
|
| 852 |
_aES-MaACL _jC-13775 _bR.41112 |
||
| 999 |
_c112893 _d112893 |
||